[Event "Lumpy Custard Blitz Mayhem #2"]
[Site "SchemingMind.com"]
[Date "2020.07.11"]
[Round "-"]
[White "Arnold Jones"]
[Black "Clive Everill"]
[Result "0-1"]
[WhiteCountry "ENG"]
[BlackCountry "CZE"]
[WhiteElo "1637"]
[WhiteRD "61"]
[BlackElo "1752"]
[BlackRD "55"]
[GameID "457493"]

1. Nf3 d5 2. d4 Nf6 3. e3 Bf5 4. c4 c6 5. Nc3 e6 6. Bd3 Bg6 7. Qb3 Bxd3 8. Qxb7 Nbd7 9. Qxc6 Bxc4 10. Ne5 Rc8
11. Qa4 a5 12. b3 Ba6 13. Bd2 Bd6 14. Nxd7 Nxd7 15. Nb5 Bxb5 16. Qxb5 Bc7 17. O-O O-O 18. a4 Rb8 19. Qd3 Nf6 20. f3 Qd6
21. g3 Nh5 22. Be1 Rb7 23. Bf2 Rfb8 24. Rfb1 f5 25. f4 Nf6 26. Be1 Ne4 27. Ra2 Nf6 28. h3 Ne4 29. h4 Nf6 30. Kg2 Ng4
31. Kh3 h5 32. Kg2 Bd8 33. Bc3 Rxb3 34. Rxb3 Rxb3 35. Qd2 Qc6 36. Rc2 Qxa4 37. Qd3 Qa3 38. Qd2 Nf6 39. Ra2 Ne4 40. Rxa3 Nxd2
41. Ra2 Rxc3 42. Rxd2 Rxe3 43. Kf2 Ra3 44. Rc2 Be7 45. Rc6 Kf7 46. Rc2 Ra1 47. Re2 a4
0-1

[Event "Lumpy Custard Blitz Mayhem #2"]
[Site "SchemingMind.com"]
[Date "2020.07.11"]
[Round "-"]
[White "Clive Everill"]
[Black "John Waterfield"]
[Result "0-1"]
[WhiteCountry "CZE"]
[BlackCountry "WLS"]
[WhiteElo "1707"]
[WhiteRD "56"]
[BlackElo "1948"]
[BlackRD "69"]
[GameID "457494"]

1. e4 c5 2. Nc3 g6 3. g3 Bg7 4. Bg2 Nc6 5. d3 d6 6. Be3 Nf6 7. h3 O-O 8. Qd2 Bd7 9. Bh6 Rb8 10. Nge2 b5
11. Bxg7 Kxg7 12. f4 b4 13. Nd1 Qb6 14. Ne3 Nd4 15. Nc4 Qc7 16. e5 Ne8 17. O-O-O Bc6 18. Nxd4 cxd4 19. Bxc6 Qxc6 20. f5 d5
21. Na5 Qa4 22. Nb3 Qxa2 23. Qf4 Rc8 24. Qxd4 Qxb3 25. Rh2 Qa2 26. Rf2 b3 27. f6+ exf6 28. exf6+ Kg8 29. c3 Qa1+ 30. Kd2 Qxb2+
31. Ke3 Qxc3 32. Qxd5 Nxf6 33. Qb7 Rfe8+ 34. Kf3 Qc6+ 35. Qxc6 Rxc6 36. Rb2 Rb8 37. Rdb1 Rcb6 38. g4 a5 39. Ra1 Rb5 40. Ra4 Rd8
41. d4 Nd5 42. Rc4 Nb6 43. Rc3 a4 44. Rd3 Nc4 45. Rb1 a3 46. Kg3 b2
0-1

[Event "Lumpy Custard Blitz Mayhem #2"]
[Site "SchemingMind.com"]
[Date "2020.07.11"]
[Round "-"]
[White "John Waterfield"]
[Black "Clive Everill"]
[Result "1-0"]
[WhiteCountry "WLS"]
[BlackCountry "CZE"]
[WhiteElo "1948"]
[WhiteRD "69"]
[BlackElo "1707"]
[BlackRD "56"]
[GameID "457495"]

1. e4 c6 2. d4 d5 3. e5 Bf5 4. Nc3 a6 5. a4 e6 6. Bd3 Bxd3 7. Qxd3 Bb4 8. Ne2 Ne7 9. Bd2 O-O 10. O-O Nd7
11. Nd1 Bxd2 12. Qxd2 c5 13. c3 b5 14. axb5 axb5 15. Ne3 Qb6 16. f4 Ra6 17. Rxa6 Qxa6 18. f5 Ra8 19. f6 Ng6 20. Ng4 gxf6
21. Nxf6+ Nxf6 22. exf6 Kf8 23. Qh6+ Ke8 24. Qxh7 b4 25. Nf4 Nf8 26. Nxd5 exd5 27. Re1+ Kd8 28. Qxf7 Nd7 29. Qxd5 cxd4 30. f7 Kc7
31. cxd4 Rf8 32. Rc1+ Kd8 33. Qg5+ Nf6 34. Qc5 Rxf7 35. Qxb4 Nd7 36. Qc4 Qf6 37. Rf1 Qxf1+ 38. Qxf1 Rxf1+ 39. Kxf1 Ke7 40. Ke2 Kd6
41. Kd3 Kd5 42. g4 Nf6 43. g5 Nh5 44. h4 Ng7 45. b4 Nh5 46. b5 Ng7 47. g6 Nh5 48. Ke3 Ng7 49. Kf4 Kxd4 50. b6 Ne6+
51. Kf5 Nd8 52. g7 Nc6 53. b7
1-0

[Event "Lumpy Custard Blitz Mayhem #2"]
[Site "SchemingMind.com"]
[Date "2020.07.06"]
[Round "-"]
[White "Mirta Crevani"]
[Black "John Hamer"]
[Result "1/2-1/2"]
[WhiteCountry "ARG"]
[BlackCountry "ENG"]
[WhiteElo "2038"]
[WhiteRD "90"]
[BlackElo "1964"]
[BlackRD "58"]
[GameID "457496"]

1. c4 Nf6 2. Nc3 e6 3. e4 d5 4. e5 d4 5. exf6 dxc3 6. bxc3 Qxf6 7. d4 b6 8. Be2 Bb7 9. Bf3 Bxf3 10. Nxf3 Bd6
11. Qa4+ c6 12. O-O O-O 13. Ba3 c5 14. Rad1 Rc8 15. dxc5 Bxc5 16. Bxc5 bxc5 17. Rd6 g6 18. Rfd1 a5 19. Qb5 Ra7 20. Qb6 Rac7
21. Qxa5 Rb7 22. Rd8+ Rxd8 23. Qxd8+ Qxd8 24. Rxd8+ Kg7 25. g3 Kf6 26. Rc8 Rb1+ 27. Kg2 Nd7 28. Rc7 Rd1 29. a4 Ke7 30. Ne5 g5
31. Rxd7+ Rxd7 32. Nxd7 Kxd7 33. f4 gxf4= 34. gxf4 Kc6 35. a5 Kb7 36. Kg3 Ka6 37. Kg4 f6 38. f5 e5 39. Kf3 Kxa5 40. Ke4 Ka6
41. Kd5=
1/2-1/2

[Event "Lumpy Custard Blitz Mayhem #2"]
[Site "SchemingMind.com"]
[Date "2020.07.06"]
[Round "-"]
[White "John Hamer"]
[Black "Mirta Crevani"]
[Result "1-0"]
[WhiteCountry "ENG"]
[BlackCountry "ARG"]
[WhiteElo "1972"]
[WhiteRD "59"]
[BlackElo "1988"]
[BlackRD "85"]
[GameID "457497"]

1. c4 c5 2. d4 cxd4 3. Qxd4 Nc6 4. Qd1 Nf6 5. Nf3 e6 6. Nc3 Bb4 7. a3 Bxc3+ 8. bxc3 Ne4 9. Qc2 f5 10. Bf4 O-O
11. e3 Qa5 12. Nd2 Qxc3 13. Qxc3 Nxc3 14. Rc1 Ne4 15. Nxe4 fxe4 16. Bd6 Rf7 17. Be2 b6 18. c5 bxc5 19. Rxc5 Bb7 20. O-O Ne7
21. Rb1 Bc6 22. g4 Nd5 23. Bd1 Nb6 24. Rbc1 Rf6 25. Bb3 Rg6 26. h3 h5 27. Rxh5 Nd5 28. Kg2 a5 29. Bc4 Kf7 30. Bg3 Ra7
31. Be5 Rb7 32. Kg3 a4 33. Bd6 Rf6 34. Be5 Rf3+ 35. Kg2 d6 36. Bxd5 Bxd5 37. Bxd6 Kg6 38. Bf4 Rb2 39. Rg5+ Kf6 40. Be5+ Kxg5
41. Bxb2 Rf7 42. Bc3 Rb7 43. Be5 Kg6 44. h4 Kf7 45. Kg3 Bb3 46. Rc6 Bd5 47. Ra6 Bb3 48. h5 Rd7 49. Kh4 Rb7 50. g5= Ke8
51. g6
1-0

[Event "Lumpy Custard Blitz Mayhem #2"]
[Site "SchemingMind.com"]
[Date "2020.07.06"]
[Round "-"]
[White "Mirta Crevani"]
[Black "David Carter"]
[Result "1-0"]
[WhiteCountry "ARG"]
[BlackCountry "USA"]
[WhiteElo "2038"]
[WhiteRD "90"]
[BlackElo "2163"]
[BlackRD "89"]
[GameID "457498"]

1. c4 c6 2. e4 e5 3. Nf3 Nf6 4. Nc3 Bb4 5. Qc2 O-O 6. Be2 Re8 7. O-O d5 8. exd5 cxd5 9. cxd5 e4 10. Nd4 Nxd5
11. Qb3 Nxc3 12. dxc3 Bc5 13. Be3 Qe7 14. Rad1 Nd7 15. Nf5 Qf6 16. Ng3 Qb6 17. Qxb6 axb6 18. Bb5 Rd8 19. Nxe4
1-0

[Event "Lumpy Custard Blitz Mayhem #2"]
[Site "SchemingMind.com"]
[Date "2020.07.06"]
[Round "-"]
[White "David Carter"]
[Black "Mirta Crevani"]
[Result "1-0"]
[WhiteCountry "USA"]
[BlackCountry "ARG"]
[WhiteElo "2163"]
[WhiteRD "89"]
[BlackElo "2038"]
[BlackRD "90"]
[GameID "457499"]

1. d4 e6 2. c4 f5 3. d5 e5 4. e4 Nf6 5. exf5 Bc5 6. Be3 Bxe3 7. fxe3 d6 8. e4 Nxe4 9. Qh5+ Kf8 10. Nf3 Qf6
11. g4 g6 12. Qh6+ Qg7 13. Qe3 Nf6 14. Rg1 Na6 15. Nc3 Bd7 16. Bh3 Nc5 17. O-O-O h5 18. g5 Ng4 19. Bxg4 hxg4 20. f6 Qf7
21. Nxe5 dxe5 22. Qxc5+ Kg8 23. Rde1 Re8 24. Qxc7 Bf5 25. Qxf7+ Kxf7 26. Nb5
1-0

[Event "Lumpy Custard Blitz Mayhem #2"]
[Site "SchemingMind.com"]
[Date "2020.07.06"]
[Round "-"]
[White "Mirta Crevani"]
[Black "kenneth m day"]
[Result "1-0"]
[WhiteCountry "ARG"]
[BlackCountry "USA"]
[WhiteElo "1988"]
[WhiteRD "85"]
[BlackElo "1708"]
[BlackRD "49"]
[GameID "457500"]

1. c4 Nf6 2. Nc3 e6 3. e4 c5 4. Nf3 d6 5. d4 cxd4 6. Nxd4 Nc6 7. Be3 Bd7 8. Be2 Be7 9. g4 h6 10. Qd2 e5
11. Nf5 Kf8 12. Nxd6 Qc7 13. Nf5 Rd8 14. Qc1 Bxf5 15. gxf5 Nd4 16. f3 Bc5 17. Nd5 Qa5+ 18. Kf2 Nh5 19. Qc3 Qxc3 20. bxc3 Nb3
21. axb3 Bxe3+ 22. Kxe3 f6 23. Rxa7 Nf4 24. Nxf4 exf4+ 25. Kxf4 g5+ 26. fxg6 Rd2 27. Rxb7 Rg8 28. Ra1 Rd8 29. Kf5 Rg7 30. Rxg7 Kxg7
31. Ra7+
1-0

[Event "Lumpy Custard Blitz Mayhem #2"]
[Site "SchemingMind.com"]
[Date "2020.07.06"]
[Round "-"]
[White "kenneth m day"]
[Black "Mirta Crevani"]
[Result "1/2-1/2"]
[WhiteCountry "USA"]
[BlackCountry "ARG"]
[WhiteElo "1708"]
[WhiteRD "49"]
[BlackElo "1988"]
[BlackRD "85"]
[GameID "457501"]

1. e4 e6 2. d4 d5 3. Nd2 Nf6 4. e5 Nfd7 5. Bd3 c5 6. c3 Nc6 7. Ne2 cxd4 8. cxd4 f6 9. exf6 Nxf6 10. Nf3 Bd6
11. O-O Qc7 12. h3 O-O 13. Bg5 Bd7 14. Rc1 Rae8 15. Ne5 Bxe5 16. dxe5 Qxe5 17. Bf4 Qxb2 18. Rc2 Qb6 19. Qd2 e5 20. Bg5 e4
21. Rb2 Qc7 22. Bc2 Ne7 23. Rc1 Bc6 24. Nd4 Qd7 25. Nxc6 Nxc6 26. Ba4 Rc8 27. Bb3 Rcd8 28. Qe3 Kh8 29. Qg3 d4 30. Re1 Qf5
31. Bd1 b6 32. Rbe2 Rde8 33. Bxf6 Rxf6 34. Qc7 d3 35. Rd2 Qf4 36. Qxf4 Rxf4 37. Bg4 Ref8 38. Be6 Nd4 39. Bg4 g6 40. Bd1 b5
41. Re3 a5 42. g3 Nf3+ 43. Bxf3 Rxf3 44. Rxe4 Rc8 45. Rd4 Rc2 46. R4xd3 Rxd3 47. Rxc2 b4 48. Rc8+ Kg7 49. Rc2 a4 50. Rc4 b3
51. axb3 axb3 52. Rb4 Rd1+=
1/2-1/2

[Event "Lumpy Custard Blitz Mayhem #2"]
[Site "SchemingMind.com"]
[Date "2020.07.07"]
[Round "-"]
[White "Mirta Crevani"]
[Black "Raymond de Kemp"]
[Result "1-0"]
[WhiteCountry "ARG"]
[BlackCountry "NED"]
[WhiteElo "1988"]
[WhiteRD "85"]
[BlackElo "1822"]
[BlackRD "63"]
[GameID "457502"]

1. c4 f5 2. g3 Nf6 3. Bg2 d6 4. d4 e6 5. Nc3 Be7 6. e4 fxe4 7. Nxe4 Nbd7 8. Ne2 O-O 9. Ng5 Nb6 10. b3 Ng4
11. Nf3 e5 12. dxe5 dxe5 13. Qxd8 Bxd8 14. O-O Bf6 15. h3 e4 16. Nfd4 c5 17. hxg4 cxd4 18. g5 Be5 19. Bf4 Bxf4 20. Nxf4 Bf5
21. Rfe1 Rfe8 22. g4 Bxg4 23. Bxe4 Rf8 24. Nd5 Rae8 25. Nxb6 axb6 26. Bd5+ Kh8 27. f3 Rxe1+ 28. Rxe1 Bh5 29. Kg2 Rf5 30. Rd1 Rxg5+
31. Kf2 d3 32. Rxd3 Bg6 33. Be4 Bxe4 34. Rd8#
1-0

[Event "Lumpy Custard Blitz Mayhem #2"]
[Site "SchemingMind.com"]
[Date "2020.07.08"]
[Round "-"]
[White "Raymond de Kemp"]
[Black "Mirta Crevani"]
[Result "1/2-1/2"]
[WhiteCountry "NED"]
[BlackCountry "ARG"]
[WhiteElo "1822"]
[WhiteRD "63"]
[BlackElo "1988"]
[BlackRD "85"]
[GameID "457503"]

1. d4 e6 2. Nf3 f5 3. c4 Nf6 4. g3 d5 5. Bg2 c6 6. O-O Bd6 7. Ne5 O-O 8. Nd2 Nbd7 9. Ndf3 Ne4 10. Qc2 Qe7
11. h4 Qf6 12. Nxd7 Bxd7 13. c5 Bc7 14. b4 h6 15. Bb2 g5 16. hxg5 hxg5 17. Ne5 Bxe5 18. dxe5 Qh6 19. Bxe4 fxe4 20. Kg2 Kg7
21. Rh1 Qg6 22. Rh2 Rh8 23. Rah1 Qf5 24. Rxh8 Rxh8 25. Rxh8 Kxh8 26. Qc1 Kg7 27. a4 a6=
1/2-1/2

[Event "Lumpy Custard Blitz Mayhem #2"]
[Site "SchemingMind.com"]
[Date "2020.07.06"]
[Round "-"]
[White "Mirta Crevani"]
[Black "Arnold Jones"]
[Result "1-0"]
[WhiteCountry "ARG"]
[BlackCountry "ENG"]
[WhiteElo "2038"]
[WhiteRD "90"]
[BlackElo "1677"]
[BlackRD "66"]
[GameID "457504"]

1. c4 c5 2. Nc3 e6 3. e4 Nc6 4. Nf3 e5 5. d3 d6 6. Be2 Be7 7. O-O Nd4 8. Nxd4 Bd7 9. Nd5 Nf6 10. Nf3 Nxd5
11. cxd5 O-O 12. Be3 f5 13. exf5 Bxf5 14. Nd2 b5 15. Ne4 b4 16. Bg4
1-0

[Event "Lumpy Custard Blitz Mayhem #2"]
[Site "SchemingMind.com"]
[Date "2020.07.06"]
[Round "-"]
[White "Arnold Jones"]
[Black "Mirta Crevani"]
[Result "1/2-1/2"]
[WhiteCountry "ENG"]
[BlackCountry "ARG"]
[WhiteElo "1637"]
[WhiteRD "61"]
[BlackElo "1988"]
[BlackRD "85"]
[GameID "457505"]

1. d4 e6 2. c4 f5 3. Nc3 Nf6 4. Bf4 d6 5. Bg5 Be7 6. f3 d5 7. e3 c6 8. Bf4 O-O 9. Bxb8 Rxb8 10. b3 Bb4
11. Qc2 Qa5 12. Kd2 b5 13. c5 Qc7 14. Ne2 e5 15. a3 Bxc3+ 16. Qxc3 exd4 17. exd4 a5 18. b4 a4 19. g3 Bd7 20. Bg2 Rbe8
21. Nf4 g5 22. Nd3 Bc8 23. Ne5 f4 24. g4 Nd7 25. Rae1 Nxe5 26. dxe5 Re6 27. h4 Rfe8=
1/2-1/2

[Event "Lumpy Custard Blitz Mayhem #2"]
[Site "SchemingMind.com"]
[Date "2020.07.06"]
[Round "-"]
[White "Mirta Crevani"]
[Black "John Waterfield"]
[Result "1/2-1/2"]
[WhiteCountry "ARG"]
[BlackCountry "WLS"]
[WhiteElo "2038"]
[WhiteRD "90"]
[BlackElo "1948"]
[BlackRD "69"]
[GameID "457506"]

1. c4 g6 2. Nc3 Bg7 3. g3 d6 4. Bg2 e5 5. e4 c6 6. Nge2 Be6 7. d3 Ne7 8. O-O O-O 9. Be3 Nd7 10. Qd2 f5
11. Bh6 Nf6 12. Bxg7 Kxg7 13. f4 Qc7 14. Rac1 Qa5 15. b3 Rad8 16. h3 Rfe8 17. Qb2 b5 18. cxb5 cxb5 19. b4 Qb6+ 20. Kh2 Nc6
21. a4 a6 22. axb5 axb5 23. Ra1 d5 24. fxe5 Nxe5 25. Nxd5 Bxd5 26. exd5 Nxd3 27. Qd4 Qxd4 28. Nxd4 Nxd5 29. Rfd1 N5xb4 30. Nxb5 Nf2=
1/2-1/2

[Event "Lumpy Custard Blitz Mayhem #2"]
[Site "SchemingMind.com"]
[Date "2020.07.06"]
[Round "-"]
[White "John Waterfield"]
[Black "Mirta Crevani"]
[Result "1/2-1/2"]
[WhiteCountry "WLS"]
[BlackCountry "ARG"]
[WhiteElo "1948"]
[WhiteRD "69"]
[BlackElo "2038"]
[BlackRD "90"]
[GameID "457507"]

1. e4 c6 2. d4 d5 3. e5 Bf5 4. Nc3 e6 5. g4 Bg6 6. h4 h5 7. Bg5 Be7 8. Bxe7 Nxe7 9. g5 Qb6 10. Na4 Qa5+
11. c3 Nd7 12. b4 Qc7 13. Bd3 Bxd3 14. Qxd3 g6 15. Ne2 O-O 16. Ng3 b6 17. O-O c5 18. bxc5 bxc5 19. Rab1 Rab8 20. Rxb8 Rxb8
21. Rb1 Rxb1+ 22. Qxb1 cxd4 23. cxd4 Qc4 24. Nc5 Nxc5 25. Qb8+ Kg7 26. Qxa7 Qxd4 27. Qxe7 Ne4 28. Nxe4 Qxe4 29. Qf6+ Kg8 30. Qd8+ Kg7=
1/2-1/2

[Event "Lumpy Custard Blitz Mayhem #2"]
[Site "SchemingMind.com"]
[Date "2020.07.06"]
[Round "-"]
[White "John Hamer"]
[Black "David Carter"]
[Result "1-0"]
[WhiteCountry "ENG"]
[BlackCountry "USA"]
[WhiteElo "1972"]
[WhiteRD "59"]
[BlackElo "1998"]
[BlackRD "78"]
[GameID "457508"]

1. d4 d5 2. c4 c6 3. Nf3 Nf6 4. g3 e6 5. Nc3 Nbd7 6. Bg2 Be7 7. O-O O-O 8. b3 b6 9. Bb2 Bb7 10. e3 Rc8
11. Qe2 Re8 12. Rac1 dxc4 13. bxc4 c5 14. Rfd1 Qc7 15. Nb5 Qb8 16. Ne5 a6 17. Nc3 Bxg2 18. Kxg2 Nxe5 19. dxe5 Qxe5 20. Nd5 Qb8
21. Nxe7+ Rxe7 22. Kf1 Qb7 23. f3 Nd7 24. Bc3 Nb8 25. Rb1 Rd7 26. Rxd7 Nxd7 27. Rd1 f6 28. Rd6 Kf7 29. e4 Ke7 30. Rd2 b5
31. Qd3 Qc6 32. g4 b4 33. Bb2 e5 34. Bc1 Nf8 35. Qb1 Ne6 36. Rd5 Nc7 37. Rd3 Rd8 38. Rxd8 Kxd8 39. Qd3+ Qd7 40. Qe2 Ne6
41. Be3 a5 42. Kf2 a4 43. h3 Kc7 44. Kg3 Kb6 45. Qb2 Ka5 46. Qe2 Nd4 47. Qd2 Nf5+ 48. exf5 Qxd2 49. Bxd2 a3 50. Kf2 Ka4
51. Ke2 b3 52. axb3+ Kxb3 53. Kd3 Kb2 54. Bc3+ Kb1 55. h4 h6 56. Kd2 a2 57. Ba1 Kxa1 58. Kc2
1-0

[Event "Lumpy Custard Blitz Mayhem #2"]
[Site "SchemingMind.com"]
[Date "2020.07.06"]
[Round "-"]
[White "David Carter"]
[Black "John Hamer"]
[Result "1/2-1/2"]
[WhiteCountry "USA"]
[BlackCountry "ENG"]
[WhiteElo "1998"]
[WhiteRD "78"]
[BlackElo "1972"]
[BlackRD "59"]
[GameID "457509"]

1. d4 e6 2. c4 b6 3. Nc3 Bb7 4. a3 d5 5. cxd5 exd5 6. Nf3 Nf6 7. Bg5 Be7 8. e3 O-O 9. Bd3 Nbd7 10. O-O c5
11. Rc1 Ne4 12. Bxe7 Qxe7 13. Nd2 Rac8 14. Re1 Nef6 15. Qf3 Rfe8 16. g4 Ne4 17. Bxe4 dxe4 18. Qg3 Nf6 19. Nb5 cxd4 20. Nxd4 Red8
21. Rxc8 Rxc8 22. Nb1 Ne8 23. Nf5 Qf6 24. Nc3 Rd8 25. Rd1 g6 26. Rxd8 Qxd8 27. Nd4 Nd6 28. b3 Qc7 29. Kg2 Qe7 30. Qf4 Qc7
31. Qe5 h6 32. Ncb5 Nxb5 33. Qe8+ Kg7= 34. Nxb5 Qc5 35. Qd7 Bc8 36. Qd4+ f6 37. Qxc5 bxc5 38. Nd6 Bd7 39. Kg3 Bc6 40. Kf4 g5+
41. Kf5 Bd7+ 42. Kxe4 Be6 43. Nc4 Bxg4 44. Kd5 Bd1 45. Nd2 f5 46. Kxc5 Kf6 47. Kc6 Be2 48. Kd6 Kg6 49. e4 fxe4 50. Nxe4 Bd3
51. Ke5 Kh5 52. f3 Kh4 53. Nf2 Bg6 54. Kd4 Bh5 55. Ke3 Bf7 56. b4 Be8 57. Ke2=
1/2-1/2

[Event "Lumpy Custard Blitz Mayhem #2"]
[Site "SchemingMind.com"]
[Date "2020.07.06"]
[Round "-"]
[White "John Hamer"]
[Black "kenneth m day"]
[Result "1-0"]
[WhiteCountry "ENG"]
[BlackCountry "USA"]
[WhiteElo "1964"]
[WhiteRD "58"]
[BlackElo "1729"]
[BlackRD "50"]
[GameID "457510"]

1. e4 e5 2. Nc3 Nc6 3. g3 Bc5 4. Bg2 Nf6 5. Nge2 d6 6. O-O h5 7. h3 Be6 8. Nd5 Ne7 9. d4 Bb6 10. Bg5 Nexd5
11. exd5 Bd7 12. Re1 Qc8 13. dxe5 dxe5 14. Nf4 Kf8 15. Rxe5 c6 16. Bxf6 gxf6 17. dxc6 Bxc6 18. Qd6+ Kg7 19. Nxh5+ Rxh5 20. Rxh5 Kg6
21. Rh4 Qe6 22. Qd3+ f5 23. Qd2 Kg7 24. Qc3+ f6 25. Re1 Qf7 26. Qd3 Re8 27. Rxe8 Bxe8 28. Qxf5 Kf8 29. Rh8+ Ke7 30. Rh7 Qxh7
31. Qxh7+
1-0

[Event "Lumpy Custard Blitz Mayhem #2"]
[Site "SchemingMind.com"]
[Date "2020.07.06"]
[Round "-"]
[White "kenneth m day"]
[Black "John Hamer"]
[Result "0-1"]
[WhiteCountry "USA"]
[BlackCountry "ENG"]
[WhiteElo "1708"]
[WhiteRD "49"]
[BlackElo "1972"]
[BlackRD "59"]
[GameID "457511"]

1. e4 b6 2. d4 Bb7 3. Nf3 e6 4. Bd3 d6 5. Nc3 Nd7 6. O-O g6 7. Re1 Bg7 8. Be3 Ngf6 9. e5 dxe5 10. dxe5 Nd5
11. Nxd5 Bxd5 12. Bf4 O-O 13. c4 Bc6 14. Be4 Bxe4 15. Rxe4 Qc8 16. Rc1 Nc5 17. Rd4 f6 18. exf6 Bxf6 19. Ne5 a5 20. Qd2 Re8
21. Qe3 Qb7 22. Rcd1 Red8 23. Rxd8+ Rxd8 24. h3 Qc8 25. Rxd8+ Qxd8 26. b3 Be7 27. Nc6 Qd1+ 28. Kh2 Bd6 29. Ne5 Qc2 30. Qf3 Qf5
31. Bg3 Bxe5 32. Qa8+ Kf7 33. f4 Bd6 34. Qh8 h5 35. Qh7+ Ke8 36. Qh8+ Bf8 37. Qd4 Ne4 38. Qe3 Bc5 39. Qe2 Nc3 40. Qd2 Ne4
41. Qd3 Bb4 42. Qe3 Bd2 43. Qd4 h4 44. Qh8+ Kd7 45. Qxh4 Be3 46. Qh7+ Kc6 47. Qe7 Nxg3 48. Qe8+ Kb7
0-1

[Event "Lumpy Custard Blitz Mayhem #2"]
[Site "SchemingMind.com"]
[Date "2020.07.07"]
[Round "-"]
[White "John Hamer"]
[Black "Raymond de Kemp"]
[Result "1-0"]
[WhiteCountry "ENG"]
[BlackCountry "NED"]
[WhiteElo "1964"]
[WhiteRD "58"]
[BlackElo "1846"]
[BlackRD "71"]
[GameID "457512"]

1. d4 f5 2. c4 Nf6 3. Nf3 e6 4. Nc3 Be7 5. Bf4 d6 6. e3 O-O 7. Bd3 Nh5 8. O-O Bf6 9. Rc1 Nc6 10. d5 Nb4
11. Be2 e5 12. a3 exf4 13. axb4 c6 14. Nd4 Bxd4 15. Qxd4 Nf6 16. exf4 Bd7 17. Rcd1 Re8 18. dxc6 bxc6 19. Qxd6 Ne4 20. Nxe4 Rxe4
21. Bf3 Rxc4 22. b5
1-0

[Event "Lumpy Custard Blitz Mayhem #2"]
[Site "SchemingMind.com"]
[Date "2020.07.07"]
[Round "-"]
[White "Raymond de Kemp"]
[Black "John Hamer"]
[Result "1/2-1/2"]
[WhiteCountry "NED"]
[BlackCountry "ENG"]
[WhiteElo "1822"]
[WhiteRD "63"]
[BlackElo "1972"]
[BlackRD "59"]
[GameID "457513"]

1. d4 c6 2. Bf4 d5 3. e3 Nf6 4. Bd3 g6 5. Nd2 Bg7 6. h4 Nbd7 7. Ngf3 O-O 8. h5 Ng4 9. hxg6 fxg6 10. Ng5 Ndf6
11. f3 Nh6 12. Nxh7 Kxh7 13. g4 e5 14. dxe5 Ng8 15. g5 Bxe5 16. Bxe5 Qxg5 17. Bf4 Qe7 18. Qe2 Bf5 19. e4 dxe4 20. Bxh6 Nxh6
21. fxe4 Be6 22. O-O-O Rad8 23. Rdg1 Qc5 24. Nf3 Kg7 25. Rg5 Qe7 26. Qh2 Rh8 27. Qe5+ Qf6 28. Qxf6+ Kxf6 29. e5+ Ke7 30. Rxg6 Nf7
31. Rxh8 Rxh8 32. Nd4 Bd5 33. e6 Ne5 34. Rg7+ Kf6 35. Rxb7 Rh1+ 36. Kd2 c5 37. e7 Rh2+ 38. Ne2 Kf7= 39. Bb5 Bc6 40. e8=Q+ Kxe8
41. Bxc6+ Nxc6 42. Rb3 Nd4 43. Re3+ Kd7 44. Kd3 Nf5 45. Re5 Rh3+ 46. Kc4 Ne3+ 47. Kxc5 Nxc2 48. Nc3 Rh8 49. Rd5+ Ke7 50. Rd6 Rc8+
51. Rc6 Kd7= 52. Rxc8 Kxc8 53. a4 Kb7= 54. b4 Kc8 55. a5 a6= 56. b5 axb5 57. Kb6 Ne3 58. a6 Kb8 59. a7+ Ka8=
1/2-1/2

[Event "Lumpy Custard Blitz Mayhem #2"]
[Site "SchemingMind.com"]
[Date "2020.07.06"]
[Round "-"]
[White "John Hamer"]
[Black "Arnold Jones"]
[Result "1-0"]
[WhiteCountry "ENG"]
[BlackCountry "ENG"]
[WhiteElo "1964"]
[WhiteRD "58"]
[BlackElo "1677"]
[BlackRD "66"]
[GameID "457514"]

1. c4 c5 2. Nf3 Nc6 3. Nc3 e6 4. d4 Nf6 5. d5 exd5 6. cxd5 Nb4 7. a3 Qa5 8. Bd2 Na6 9. e4 d6 10. Nb5 Qd8
11. e5 dxe5 12. Qa4 Bd7 13. Nxe5 Qb8 14. Nxd7 Nxd7 15. Bf4 Qd8 16. Qe4+ Qe7 17. Nd6+ Kd8 18. Nxb7+ Ke8 19. Nd6+ Kd8 20. Bxa6 Qxe4+
21. Nxe4 f5 22. Bb7 Rb8 23. Bxb8 Nxb8 24. Nc3 Kc7 25. Ba8 Bd6 26. Nb5+ Kd7 27. Nxa7 Re8+ 28. Kf1 Be5 29. Re1 Bxb2 30. Bc6+ Nxc6
31. dxc6+ Kd8 32. Rxe8+ Kxe8 33. c7
1-0

[Event "Lumpy Custard Blitz Mayhem #2"]
[Site "SchemingMind.com"]
[Date "2020.07.06"]
[Round "-"]
[White "Arnold Jones"]
[Black "John Hamer"]
[Result "0-1"]
[WhiteCountry "ENG"]
[BlackCountry "ENG"]
[WhiteElo "1677"]
[WhiteRD "66"]
[BlackElo "1964"]
[BlackRD "58"]
[GameID "457515"]

1. d4 e6 2. c4 Nf6 3. Nc3 d5 4. a3 c6 5. e3 Nbd7 6. c5 Be7 7. Be2 O-O 8. Nf3 Ne4 9. Na2 Qc7 10. Ne5 Nxe5
11. dxe5 Qxe5 12. f4 Qc7 13. b4 Bf6 14. Bd3 Bxa1 15. Bxe4 dxe4 16. O-O Rd8 17. Qe2 Qd7 18. Bd2 Qxd2 19. Qxd2 Rxd2 20. Rxa1 Rd3
21. Nc1 Rd1+ 22. Kf2 Rh1 23. Kg3 Rd1 24. Kf2 a5 25. Ke2 Rd8 26. Kf2 Rd2+ 27. Kg3 axb4 28. a4 Rc2 29. Nb3 f5 30. Nd4 Rxc5
31. h4 Bd7 32. a5 Raxa5 33. Rxa5 Rxa5
0-1

[Event "Lumpy Custard Blitz Mayhem #2"]
[Site "SchemingMind.com"]
[Date "2020.07.06"]
[Round "-"]
[White "John Hamer"]
[Black "John Waterfield"]
[Result "1-0"]
[WhiteCountry "ENG"]
[BlackCountry "WLS"]
[WhiteElo "1964"]
[WhiteRD "58"]
[BlackElo "1948"]
[BlackRD "69"]
[GameID "457516"]

1. e4 c5 2. d4 cxd4 3. Nf3 Nc6 4. Nxd4 Nf6 5. Nc3 d6 6. Bc4 g6 7. O-O Bg7 8. Be3 Bd7 9. h3 Rc8 10. Bb3 Na5
11. Qd2 Nc4 12. Bxc4 Rxc4 13. Qd3 Rc8 14. Rad1 O-O 15. Rfe1 Qa5 16. f4 Qb4 17. Nb3 a6 18. Bd4 Nh5 19. Nd5 Bxd4+ 20. Nxd4 Qxb2
21. Nxe7+ Kh8 22. Nxc8 Rxc8 23. Rb1 Qxa2 24. Rxb7 Bc6 25. Re7 Nxf4 26. Qc3 Bd7 27. Nc6+
1-0

[Event "Lumpy Custard Blitz Mayhem #2"]
[Site "SchemingMind.com"]
[Date "2020.07.06"]
[Round "-"]
[White "John Waterfield"]
[Black "John Hamer"]
[Result "1/2-1/2"]
[WhiteCountry "WLS"]
[BlackCountry "ENG"]
[WhiteElo "1948"]
[WhiteRD "69"]
[BlackElo "1964"]
[BlackRD "58"]
[GameID "457517"]

1. e4 c6 2. d4 d5 3. exd5 cxd5 4. c4 Nf6 5. Nc3 g6 6. cxd5 Nxd5 7. Bc4 Nb6 8. Bb3 Bg7 9. Nf3 O-O 10. O-O Nc6
11. d5 Na5 12. Bg5 h6 13. Be3 Bg4 14. h3 Bxf3 15. Qxf3 Nbc4 16. Bc1 Ne5 17. Qe2 Rc8 18. Bf4 Nac4 19. Rfe1 g5 20. Bxe5 Nxe5
21. Rad1 Re8 22. Qb5 Qc7 23. Ne4 a6= 24. Qa4 Nd7 25. Re2 Be5 26. Rc2 Qd8 27. Rxc8 Qxc8 28. Nc3=
1/2-1/2

[Event "Lumpy Custard Blitz Mayhem #2"]
[Site "SchemingMind.com"]
[Date "2020.07.06"]
[Round "-"]
[White "David Carter"]
[Black "kenneth m day"]
[Result "1-0"]
[WhiteCountry "USA"]
[BlackCountry "USA"]
[WhiteElo "2163"]
[WhiteRD "89"]
[BlackElo "1729"]
[BlackRD "50"]
[GameID "457518"]

1. d4 Nf6 2. c4 e5 3. dxe5 Ng4 4. Bf4 Nc6 5. Nf3 Bc5 6. e3 Bb4+ 7. Nc3 Bxc3+ 8. bxc3 Qe7 9. Qd5 f6 10. exf6 Nxf6
11. Qd3 d6 12. Be2 O-O 13. O-O Kh8 14. Nd4 Nh5 15. Bxh5 Nxd4 16. cxd4 Bf5 17. Qd2 Qh4 18. Bf3 Qf6 19. Bg3 Rae8 20. Bxb7 Rb8
21. Bf3 Be6 22. Rac1 Rbd8 23. Qa5 Qf7 24. d5 Bf5 25. e4 Bg6 26. c5 dxc5 27. Rxc5 Ra8 28. Rxc7 Qe8 29. Qc3 h6 30. Qxg7#
1-0

[Event "Lumpy Custard Blitz Mayhem #2"]
[Site "SchemingMind.com"]
[Date "2020.07.06"]
[Round "-"]
[White "kenneth m day"]
[Black "David Carter"]
[Result "0-1"]
[WhiteCountry "USA"]
[BlackCountry "USA"]
[WhiteElo "1729"]
[WhiteRD "50"]
[BlackElo "2163"]
[BlackRD "89"]
[GameID "457519"]

1. e4 e5 2. Nf3 Nc6 3. c3 d5 4. Qa4 Bd7 5. exd5 Nd4 6. Qd1 Nxf3+ 7. Qxf3 Bd6 8. Bc4 f5 9. d4 e4 10. Qe2 Nf6
11. Bg5 h6 12. Bh4 g5 13. Nd2 Qe7 14. f3 gxh4 15. fxe4 fxe4 16. O-O-O Bg4 17. Nf3 exf3 18. gxf3 Qxe2 19. Bxe2 Bf5 20. Bb5+ Kf7
21. Bc4 Bf4+
0-1